| Поле | Название | Значение |
| |
Тип записи |
a |
| |
Библиографический уровень |
m |
| 001 |
Контрольный номер |
RU/IS/BASE/422546815 |
| 005 |
Дата корректировки |
20201206204851.5 |
| 010 |
Индекс ISBN |
__ |
| a |
ISBN |
978-5-9718-0526-7 |
| d |
Цена |
487-96 |
| 101 |
Язык документа |
0_ |
| a |
Язык текста |
rus |
| 200 |
Заглавие и сведения об ответственности |
1_ |
| a |
Заглавие |
Справочник фармакологии спорта |
| e |
Сведения, относящиеся к заглавию |
лекарств. препараты спорта : справ. пособие |
| f |
Первые сведения об ответственности |
Д. О. Кулиненков, О. С. Кулиненков |
| b |
Общее обозначение материала |
Текст |
| 205 |
Сведения об издании |
__ |
| a |
Основные сведения об издании |
4-е изд., доп. и перераб. |
| 210 |
Выходные данные |
__ |
| a |
Место издания |
М. |
| c |
Издательство |
Совет. спорт |
| d |
Дата издания |
2012 |
| 215 |
Физическое описание |
__ |
| a |
Объем |
464 с. |
| 320 |
Библиография |
__ |
| a |
Библиография |
Рек. лит.: с. 445-450. - Алф. указ.: с. 450-460 |
| 327 |
Примечание о содержании |
__ |
| a |
Примечание о содержании |
Правила приема препаратов |
| 327 |
Примечание о содержании |
__ |
| a |
Примечание о содержании |
Специализированное спортивное питание |
| 327 |
Примечание о содержании |
__ |
| a |
Примечание о содержании |
Допинг |
| 327 |
Примечание о содержании |
__ |
| a |
Примечание о содержании |
Медицинский кодекс МОК (запрещенные классы веществ и запрещенные методы, определение пола, процедура проб, штрафные санкции за нарушения, апелляции) |
| 330 |
Аннотация |
__ |
| a |
Аннотация |
Основные фармакологические препараты, применяемые в спорте. Классификация препаратов спорта. Даны описания активных веществ. Представлены клинико-фармакологические группы спорта. |
| 606 |
Тематические рубрики |
__ |
| a |
Основная рубрика |
Здравоохранение. Медицинские науки |
| 606 |
Тематические рубрики |
__ |
| a |
Основная рубрика |
Фармакология |
| 610 |
Ключевые слова |
__ |
| a |
Ключевые слова |
фармакология спорта; лекарственные препараты; фармакологические препараты; допинг; спортивное питание |
| 686 |
Индексы других классификаций |
__ |
| a |
Классификационный индекс |
52.817я22 |
| 700 |
Автор |
_1 |
| a |
Фамилия |
Кулиненков |
| b |
Имя |
Д. О. |
| g |
Полное личное имя |
Дмитрий Олегович |
| 4 |
Код отношения |
070 |
| 701 |
Альтернативная интеллектуальная ответственность |
_1 |
| a |
Фамилия |
Кулиненков |
| b |
Имя |
О. С. |
| g |
Полное личное имя |
Олег Семенович |
| 4 |
Код отношения |
070 |
| 801 |
Источник записи |
_0 |
| a |
Страна |
RU |
| b |
Организация |
Муниципальное бюджетное учреждение культуры "Централизованная библиотечная система" г. Сургут (Центральная городская библиотека им. А. С. Пушкина) |
| g |
Правила каталогизации |
КиК/Елгина |
| 801 |
Источник записи |
_1 |
| a |
Страна |
RU |
| b |
Организация |
Муниципальное бюджетное учреждение культуры "Централизованная библиотечная система" г. Сургут (Центральная городская библиотека им. А. С. Пушкина) |
| g |
Правила каталогизации |
КиК/Елгина |
| 852 |
Данные о местонахождении |
__ |
| j |
Шифр хранения |
52.817я22 |
| c |
Каталожный индекс |
52.81я2 |
| i |
Авторский знак |
К 90 |
| 901 |
Тип документа |
__ |
| t |
Тип документа |
m |
| 903 |
Характеристики (МАРС) |
__ |
| a |
Дата передачи |
20130522 |
| 969 |
Тип издания |
__ |
| a |
Тип издания |
справочник |
| 990 |
Данные о заказе (DOS) |
__ |
| j |
Количество экземпляров (DOS) |
1 |
| t |
N записи в КСУ для И/У (DOS) |
201306 |